Brexit a možnosti riešenia vzájomných vzťahov Spojeného kráľovstva a Európskej únie

Príčiny Brexitu. Referendum v roku 2016. Možnosti usporiadania vzťahov Spojeného kráľovstva a EÚ. Postoje Veľkej Británie k rôznym možnostiam usporiadania vzťahov Spojeného kráľovstva a EÚ.

Guardado en:
Detalles Bibliográficos
Autor principal: Brinčíková, Zuzana, 1979-
Formato: Capítulo de libro
Lenguaje:eslovaco
Materias:
Etiquetas: Agregar Etiqueta
Sin Etiquetas, Sea el primero en etiquetar este registro!

MARC

LEADER 00000naa$a2200000$$$4500
001 0249864
005 20240712112020.4
041 0 |a slo 
044 |a SK 
245 1 0 |a Brexit a možnosti riešenia vzájomných vzťahov Spojeného kráľovstva a Európskej únie  |c Zuzana Brinčíková 
520 |a Príčiny Brexitu. Referendum v roku 2016. Možnosti usporiadania vzťahov Spojeného kráľovstva a EÚ. Postoje Veľkej Británie k rôznym možnostiam usporiadania vzťahov Spojeného kráľovstva a EÚ. 
610 2 0 |a integrácia 
610 2 0 |a integrácia ekonomická 
610 2 0 |a integrácia ekonomická medzinárodná 
610 2 0 |a spolupráca hospodárska medzinárodná 
610 2 0 |a spolupráca medzinárodná 
610 2 0 |a vzťahy obchodné 
610 2 0 |a vzťahy zahraničné 
610 2 0 |a vzťahy politické medzinárodné 
610 2 0 |a Veľká Británia 
610 2 0 |a Spojené kráľovstvo 
610 2 0 |a Európska únia 
100 1 |a Brinčíková, Zuzana, 1979-